[Event "HUN-chT2 Breyer 1819"]
[Site "Hungary"]
[Date "2019.02.24"]
[Round "6.9"]
[White "Vinkovits, Laszlo"]
[Black "Gardo, Jozsef"]
[Result "0-1"]
[WhiteElo "1547"]
[BlackElo "1836"]
[PlyCount "102"]
[EventDate "2018.10.28"]
[EventType "team-tourn"]
[EventRounds "9"]
[EventCountry "HUN"]
[SourceTitle "CBM 189 Extra"]
[Source "ChessBase"]
[SourceDate "2019.06.03"]
[SourceVersion "1"]
[SourceVersionDate "2019.06.03"]
[SourceQuality "1"]
[WhiteTeam "Kisber Aszar"]
[BlackTeam "Budapest HASE"]
[WhiteTeamCountry "HUN"]
[BlackTeamCountry "HUN"]

1. d4 Nf6 2. c4 g6 3. Nc3 d5 4. Nf3 Bg7 5. cxd5 Nxd5 6. e4 Nxc3 7. bxc3 0-0 8. Be2 c5 9. 0-0 Nc6 10. Bb2 Bg4 11. dxc5 Qa5 12. Qb3 Qxc5 13. Ba3 Qxc3 14. Qxc3 Bxc3 15. Rad1 Rfd8 16. h3 Bxf3 17. gxf3 Nd4 18. Bc4 Nxf3+ 19. Kg2 Ne5 20. Bd5 Rd7 21. f4 Nc6 22. Bxf7+ Kxf7 23. Rxd7 Rb8 24. Rb1 b5 25. Rc7 Rb6 26. Bc5 Ra6 27. a3 Ba5 28. Rb7 Bd2 29. Kf3 b4 30. Bxb4 Nxb4 31. axb4 Ra3+ 32. Kg2 Bxf4 33. Rh1 Rb3 34. Rxa7 Rxb4 35. Kf3 Bd6 36. Ra2 Rb3+ 37. Ke2 Bf4 38. Kd1 Rb1+ 39. Kc2 Rxh1 40. Ra3 Re1 41. Ra4 g5 42. Kd3 Re3+ 43. Kd4 Rxh3 44. Ra5 h5 45. Rf5+ Kg6 46. Rb5 Rh1 47. Rb6+ Kg7 48. Rb7 Kf7 49. Kd3 Rd1+ 50. Kc4 h4 51. Rb3 g4 0-1

[Event "Budapest-chT1 Lilienthal 1516"]
[Site "Budapest"]
[Date "2015.09.20"]
[Round "1"]
[White "Gardo, Jozsef"]
[Black "Fabian, Laszlo2222"]
[Result "1-0"]
[WhiteElo "1875"]
[BlackElo "1468"]
[PlyCount "45"]
[EventDate "2015.09.20"]
[EventType "team-tourn"]
[EventRounds "9"]
[EventCountry "HUN"]
[SourceTitle "EXT 2021"]
[Source "ChessBase"]
[SourceDate "2020.10.23"]
[SourceVersion "1"]
[SourceVersionDate "2020.10.23"]
[SourceQuality "1"]
[WhiteTeam "Fabulon"]
[BlackTeam "Taban Spartacus II"]
[WhiteTeamCountry "HUN"]
[BlackTeamCountry "HUN"]

1. e4 c5 2. Nf3 d6 3. d4 cxd4 4. Nxd4 Nf6 5. Nc3 a6 6. f3 e5 7. Nb3 Be6 8. Bg5 Be7 9. Qd2 Nbd7 10. 0-0-0 0-0 11. g4 b5 12. h4 Ne8 13. Nd5 f6 14. Be3 Bxd5 15. exd5 f5 16. Bg5 f4 17. Bd3 Bxg5 18. hxg5 g6 19. Qh2 Rf7 20. Bxg6 Qxg5 21. Bxf7+ Kxf7 22. Qxh7+ Qg7 23. Qf5+ 1-0

[Event "HUN-chT2 Toth 1314"]
[Site "Hungary"]
[Date "2013.11.03"]
[Round "4.9"]
[White "Varga, Martin"]
[Black "Gardo, Jozsef"]
[Result "0-1"]
[WhiteElo "1671"]
[BlackElo "1834"]
[PlyCount "60"]
[EventDate "2013.09.08"]
[EventType "team-tourn"]
[EventRounds "11"]
[EventCountry "HUN"]
[SourceTitle "EXT 2016"]
[Source "ChessBase"]
[SourceDate "2015.10.08"]
[SourceVersion "1"]
[SourceVersionDate "2015.10.08"]
[SourceQuality "1"]
[WhiteTeam "Roszke"]
[BlackTeam "Abony"]
[WhiteTeamCountry "HUN"]
[BlackTeamCountry "HUN"]

1. Nf3 Nf6 2. g3 g6 3. Bg2 Bg7 4. 0-0 0-0 5. d3 d5 6. Nbd2 Nc6 7. e4 dxe4 8. Nxe4 Nxe4 9. dxe4 Qxd1 10. Rxd1 Bg4 11. c3 Ne5 12. Nxe5 Bxd1 13. Nc4 Be2 14. Ne3 Rfd8 15. f4 e5 16. Kf2 Bd3 17. Nd5 c6 18. Nb4 Bc4 19. Be3 Rd7 20. Rc1 a5 21. Nc2 Bxa2 22. b4 exf4 23. gxf4 Bxc3 24. bxa5 Bd2 25. Rd1 Bxe3+ 26. Nxe3 Rxd1 27. Nxd1 Rxa5 28. Nc3 Rc5 29. Ne2 Rc2 30. Bf3 Bc4 0-1